Working out : the Total shape-up guide for men

Bibliographic Details
Format: Book
Published: London : Souvenir Press , 1983,1995
Subjects:

MARC

LEADER 00000cam a2200000 7i4500
001 0000008034
002 000008769
005 20000330.0
020 |a 0285632663 
090 0 0 |a 613.70449   |b HIX 
245 1 0 |a Working out :   |b the Total shape-up guide for men   |c Charles Hix 
260 |a London :   |b Souvenir Press ,   |c 1983,1995 
650 0 0 |a Physical fitness 
999 |a 048886   |b BUKU   |c PINJAMAN   |e PERPUSTAKAAN KOMUNITI PETALING JAYA 
999 |a 056624   |b BUKU   |c RUJUKAN   |e PERPUSTAKAAN KOMUNITI PETALING JAYA